000 00518nam a2200181Ia 4500
005 20250923144349.0
008 008 250917s9999 xx 000 0 eng d
037 _aTextual
040 _aDSWL
_beng
_cDSWL
041 _aeng
_2eng
084 _aY1xM64:9, H7
_qDSWL
100 _aWeber, Max
_9824124
245 4 _aThe theory of social and economic organization
_cby Max Weber
260 _aLondon
_c1947
300 _a404 p.
942 _cTEXL
_hY1xM64:9, H7
999 _c1437934
_d1437934